|
|
|
|
| LEADER |
00000nam a2200000 a 4500 |
| 001 |
vtls001058677 |
| 003 |
SK-MaSNL |
| 005 |
20260302030405.0 |
| 008 |
240226s1994 xo eng |
| 015 |
|
|
|a SNBA1996/0100147
|
| 020 |
|
|
|a 8085681056
|
| 035 |
|
|
|a SNK000001494
|
| 035 |
|
|
|a urn:nbn:sk:snk-amk5t5
|
| 035 |
|
|
|a urn:nbn:sk:snk-am0048yi
|
| 035 |
|
|
|a 629993DA-1B08-4FD8-93CC-099F7E0DA966
|
| 040 |
|
|
|a SNK
|b slo
|c SNK
|e AACR2
|
| 041 |
0 |
|
|a eng
|
| 044 |
|
|
|a xo
|c SK
|
| 080 |
|
|
|a 745/749.031.4(082)=20
|2 1981
|
| 245 |
0 |
0 |
|a Models of protection of folk art production and handicrafts
|b International Conference held on September 16-19, 1993 Dolná Krupá, Slovakia
|
| 260 |
|
|
|a Bratislava
|b [Česko-Slovenský výbor Európskej kultúrnej nadácie]
|a Bratislava
|b Ústredie ľudovej umeleckej výroby [vyd.]
|c 1994
|
| 300 |
|
|
|a 95 s.
|b Zoz. účastníkov
|c 23 cm
|
| 500 |
|
|
|a Ed. by Katarína Podobová
|
| 504 |
|
|
|a Bibliogr.
|
| 650 |
0 |
7 |
|a remeslá
|2 SNKPH
|9 4998
|
| 650 |
0 |
7 |
|a ľudová umelecká výroba
|2 SNKPH
|9 97658
|
| 655 |
|
7 |
|a zbierky
|2 SNKPH
|9 70533
|
| 700 |
1 |
|
|a Podobová, Katarína
|4 adp
|9 8639
|
| 919 |
|
|
|a 80-85681-05-6
|
| 958 |
|
|
|a TL
|
| 958 |
|
|
|a NB
|
| 999 |
|
|
|c 1047096
|d 1049026
|
| 952 |
|
|
|t P60, <09>, [BOOK], {629}
|a SNK
|b SNK
|y NEVYP
|7 0
|o snkC 1258
|i snk2485/950804
|0 0
|1 0
|4 0
|d 1995-08-01
|l 0
|r 2004-12-31 00:00:00
|w 2026-02-24
|
| 952 |
|
|
|t P60, <03>, [BOOK], {603}
|a SNK
|b SNK
|y PREZ
|7 0
|o snkSC 89077
|i snkKSP 8384/95
|0 0
|1 0
|4 0
|d 1995-10-05
|l 0
|r 2004-12-31 00:00:00
|w 2026-02-24
|
| 952 |
|
|
|a SNK
|b SNK
|y PREZ
|7 0
|p 17A1013725
|o snkSC 89077
|0 0
|1 0
|4 0
|d 2012-08-21
|f 1
|l 0
|r 2025-09-08 00:00:00
|w 2026-02-24
|